Countries with best economy - Statistics

General Stats
  • This quiz has been taken 277 times
  • The average score is 13 of 15
Answer Stats
Hint Answer % Correct
21 trillion United States of America
99%
9.2 trillion China
98%
4.2 trillion Germany
96%
2.9 trillion France
95%
3.2 trillion United Kingdom
95%
5.2 trillion Japan
94%
2.9 trillion India
91%
1.5 trillion Russia
89%
2 trillion Brazil
87%
2.1 trillion Italy
87%
1.8 trillion Canada
86%
1.31 trillion Spain
83%
1.38 trillion Australia
80%
1.15 trillion Mexico
79%
1.5 trillion South Korea
77%
No matching quizzes found
Score Distribution
Percent of People with Each Score
Percentile by Number Answered
Your Score History
You have not taken this quiz